[Event "ONJK 2018 B"]
[Site "Borne, Netherlands"]
[Date "2018.08.07"]
[Round "2.12"]
[White "Segers, Job"]
[Black "Basa, Manasvita"]
[Result "1-0"]
[WhiteElo "1565"]
[BlackElo "1668"]
[PlyCount "103"]
[EventDate "2018.??.??"]

1. e4 e5 2. Nf3 Nc6 3. Nc3 Nf6 4. d4 exd4 5. Nxd4 Bc5 6. Be3 Qe7 7. Nf5 Qf8 8.
Nxg7+ Qxg7 9. Bxc5 d6 10. Be3 Bd7 11. Qd2 O-O-O 12. O-O-O Rhe8 13. f3 a6 14.
Bg5 Rg8 15. h4 Rde8 16. Nd5 Nxd5 17. exd5 Ne5 18. Qa5 f6 19. Bd2 Qf7 20. Bb4
Ng6 21. c4 Nf4 22. c5 Ne2+ 23. Bxe2 Rxe2 24. cxd6 Bf5 25. Rd2 Rgxg2 26. Rhd1
Rgf2 27. Qc5 Qd7 28. Qc4 Rxd2 29. Rxd2 Rxf3 30. Rg2 Bg6 31. h5 Bf7 32. Rc2 Rg3
33. Qxc7+ Qxc7 34. Rxc7+ Kd8 35. Rxf7 b6 36. Bc3 Rg1+ 37. Kc2 Rg2+ 38. Kd1 Rg1+
39. Ke2 Rg2+ 40. Kf1 Rg8 41. Bxf6+ Ke8 42. Re7+ Kf8 43. Bg7+ Rxg7 44. Rxg7 Kxg7
45. d7 Kf6 46. d8=Q+ Kf5 47. Kf2 Kg4 48. Qf6 Kxh5 49. Kf3 b5 50. Kf4 h6 51.
Qf5+ Kh4 52. Qg4# 1-0

[Event "ONJK 2018 B"]
[Site "Borne, Netherlands"]
[Date "2018.08.07"]
[Round "2.13"]
[White "Joosse, Xander"]
[Black "Kracht, Raphael"]
[Result "0-1"]
[WhiteElo "1471"]
[BlackElo "2050"]
[PlyCount "120"]
[EventDate "2018.??.??"]

1. d4 Nf6 2. c4 e6 3. Nf3 Bb4+ 4. Bd2 c5 5. Bxb4 cxb4 6. g3 b6 7. Bg2 Bb7 8.
Nbd2 O-O 9. O-O a5 10. b3 d5 11. Ne5 Nc6 12. Nxc6 Bxc6 13. Rc1 Rc8 14. cxd5
Nxd5 15. Bxd5 Qxd5 16. Nf3 Rfd8 17. Re1 Qe4 18. Qc2 Qxc2 19. Rxc2 Bxf3 20. Rxc8
Rxc8 21. exf3 Kf8 22. Re2 Rc1+ 23. Kg2 Rd1 24. Rc2 Rxd4 25. Rc8+ Ke7 26. Rc7+
Kf6 27. Rc6 Rd2 28. Rxb6 Rxa2 29. Rb5 Ra3 30. f4 Ke7 31. g4 Kd6 32. g5 Kc6 33.
Re5 Rxb3 34. Rxa5 Ra3 35. Re5 Ra7 36. Re1 Kd5 37. Kf3 Kd4 38. Re4+ Kc3 39. Re3+
Kd2 40. Re2+ Kd1 41. Rb2 Rb7 42. Ke3 b3 43. Kd3 Kc1 44. Re2 Kb1 45. Kc3 b2 46.
Re4 Rb5 47. h4 g6 48. f3 Rb7 49. Re5 Rb8 50. f5 gxf5 51. f4 Ra8 52. Rb5 Ka1 53.
Kd4 b1=Q 54. Rxb1+ Kxb1 55. Ke5 Ra4 56. h5 Re4+ 57. Kf6 Rxf4 58. Kxf7 Rg4 59.
g6 hxg6 60. hxg6 f4 0-1

[Event "ONJK 2018 B"]
[Site "Borne, Netherlands"]
[Date "2018.08.07"]
[Round "2.14"]
[White "Noordenbos, Daan"]
[Black "Van Hille, Clara"]
[Result "1/2-1/2"]
[WhiteElo "1842"]
[BlackElo "1296"]
[PlyCount "91"]
[EventDate "2018.??.??"]

1. e4 e5 2. Nf3 Nc6 3. Bc4 Bc5 4. O-O Nf6 5. d3 d6 6. c3 Bg4 7. Re1 h6 8. Nbd2
O-O 9. Nf1 Re8 10. a4 Na5 11. Ba2 Nc6 12. b4 Nxb4 13. cxb4 Bxb4 14. Bd2 Bc5 15.
h3 Bd7 16. Ng3 a6 17. Be3 Bxe3 18. Rxe3 b5 19. Nf5 Bxf5 20. exf5 c5 21. Qb3 Qd7
22. axb5 axb5 23. Rae1 Ra4 24. g4 Rea8 25. Bb1 Ra3 26. Qb2 Nd5 27. Re4 b4 28.
Rc4 Nf4 29. Re3 Nxh3+ 30. Kh2 Nf4 31. Qc1 h5 32. Nxe5 dxe5 33. Rxc5 hxg4 34.
Qb2 Nxd3 35. Bxd3 Rxd3 36. Qxe5 Rxe3 37. fxe3 Qd2+ 38. Kg3 Qe1+ 39. Kxg4 Qe2+
40. Kf4 Qh2+ 41. Ke4 Qxe5+ 42. Kxe5 Rb8 43. Rc2 b3 44. Rb2 f6+ 45. Kd5 Kf7 46.
e4 1/2-1/2

[Event "ONJK 2018 B"]
[Site "Borne, Netherlands"]
[Date "2018.08.07"]
[Round "2.15"]
[White "Schelleman, Martijn"]
[Black "Kamp, Aaron"]
[Result "0-1"]
[WhiteElo "1379"]
[BlackElo "1784"]
[PlyCount "82"]
[EventDate "2018.??.??"]

1. e4 c5 2. Nf3 d6 3. d4 cxd4 4. Nxd4 Nf6 5. Nc3 g6 6. Bb5+ Bd7 7. Be3 Bg7 8.
Qd2 Ng4 9. O-O-O Nxe3 10. Qxe3 Nc6 11. Nb3 a6 12. Bc4 Rc8 13. Qf4 O-O 14. h4 h5
15. f3 Ne5 16. Bd5 Kh7 17. Kb1 b5 18. Rhg1 Bh6 19. Qg3 Qc7 20. f4 Ng4 21. Nd4
Bg7 22. f5 b4 23. fxg6+ fxg6 24. Ne6 Bxe6 25. Bxe6 bxc3 26. Bxc8 Rxc8 27. b3
Qc5 28. Ka1 Ne3 29. Qf2 Nxd1 30. Qxc5 Rxc5 31. Rxd1 Re5 32. Re1 d5 33. a4 Rxe4
34. Rd1 e6 35. g3 Be5 36. Rd3 Re2 37. Kb1 Re1+ 38. Ka2 Rc1 39. Re3 Rxc2+ 40.
Kb1 Rb2+ 41. Kc1 Bg7 0-1

[Event "ONJK 2018 B"]
[Site "Borne, Netherlands"]
[Date "2018.08.07"]
[Round "2.16"]
[White "Keetelaar, Denny"]
[Black "Ekker, Laurens"]
[Result "1/2-1/2"]
[WhiteElo "1286"]
[BlackElo "1515"]
[PlyCount "79"]
[EventDate "2018.??.??"]

1. e4 e5 2. Nf3 Nc6 3. d4 exd4 4. Nxd4 Bc5 5. Be3 Qf6 6. c3 Nge7 7. Bc4 Ne5 8.
Qe2 Nxc4 9. Qxc4 d6 10. Nb5 Bxe3 11. Nxc7+ Kd8 12. fxe3 Be6 13. Nxe6+ fxe6 14.
Nd2 Nc6 15. O-O-O Ke7 16. Qb5 Rab8 17. Nc4 Rhd8 18. Rhf1 Qg6 19. e5 d5 20. Qc5+
Kd7 21. e4 Kc7 22. exd5 exd5 23. Ne3 b6 24. Nxd5+ Kb7 25. Qe3 Rbc8 26. Nf4 Qf5
27. Rde1 Re8 28. Qe4 Rxe5 29. Qxf5 Rxf5 30. Ne6 Rxf1 31. Rxf1 Ne5 32. g3 g6 33.
Ng5 Rc7 34. Kc2 h6 35. Re1 Rc5 36. Ne6 Rd5 37. c4 Nxc4 38. Re2 Re5 39. Rxe5
Nxe5 40. Nf8 1/2-1/2

[Event "ONJK 2018 B"]
[Site "Borne, Netherlands"]
[Date "2018.08.07"]
[Round "3.1"]
[White "Vleming, Stefan"]
[Black "Grutter, Tim"]
[Result "1/2-1/2"]
[WhiteElo "1685"]
[BlackElo "1971"]
[PlyCount "78"]
[EventDate "2018.??.??"]

1. d4 Nf6 2. c4 c5 3. d5 e6 4. Nc3 exd5 5. cxd5 d6 6. e4 g6 7. Bg5 Bg7 8. Qd2
h6 9. Be3 Ng4 10. Nge2 Nxe3 11. Qxe3 Nd7 12. f4 a6 13. g3 b5 14. Bg2 O-O 15.
O-O Nb6 16. f5 b4 17. Nd1 gxf5 18. exf5 Bb7 19. f6 Bxf6 20. Qxh6 Bg7 21. Qh5
Qe7 22. Rf4 Nxd5 23. Bxd5 Bxd5 24. Qxd5 Qxe2 25. Re4 Qf3 26. Nf2 Rae8 27. Rae1
Rxe4 28. Rxe4 Qf6 29. Ng4 Qg6 30. Ne3 Bd4 31. Kf2 Bxe3+ 32. Kxe3 Kg7 33. Kf3 f5
34. Re6 Rf6 35. Qb7+ Kh6 36. Rxf6 Qxf6 37. Qxa6 Qe6 38. Qd3 Qf6 39. Qe3+ Kg6
1/2-1/2

[Event "ONJK 2018 B"]
[Site "Borne, Netherlands"]
[Date "2018.08.07"]
[Round "3.2"]
[White "Wensing, Maximilian"]
[Black "Bonenkamp, Jasper"]
[Result "1-0"]
[WhiteElo "1945"]
[BlackElo "1684"]
[PlyCount "39"]
[EventDate "2018.??.??"]

1. e4 c5 2. Nf3 d6 3. d4 cxd4 4. Nxd4 Nf6 5. Nc3 g6 6. Be3 Bg7 7. f3 O-O 8. Qd2
Nc6 9. O-O-O a6 10. h4 Bd7 11. g4 h5 12. Be2 hxg4 13. Nxc6 Bxc6 14. h5 gxf3 15.
Bxf3 gxh5 16. Rdg1 Qa5 17. Bh6 Ng4 18. Bxg7 Kxg7 19. Bxg4 Kf6 20. Qf4+ 1-0

[Event "ONJK 2018 B"]
[Site "Borne, Netherlands"]
[Date "2018.08.07"]
[Round "3.3"]
[White "Vermet, Thomas"]
[Black "Albertus, Bram"]
[Result "0-1"]
[WhiteElo "1600"]
[BlackElo "1868"]
[PlyCount "39"]
[EventDate "2018.??.??"]

1. e4 c5 2. Nf3 e6 3. d4 cxd4 4. Nxd4 Nc6 5. Nc3 Qc7 6. Be3 a6 7. Qd2 Nf6 8. f3
Bb4 9. g4 h6 10. Bc4 Ne5 11. Bb3 Nexg4 12. O-O-O Nxe3 13. Qxe3 b5 14. Rd3 Bb7
15. e5 Ng4 16. Qg1 Nxe5 17. Re3 Ng6 18. Qf2 O-O 19. Rg1 Bc5 20. Qg3 0-1

[Event "ONJK 2018 B"]
[Site "Borne, Netherlands"]
[Date "2018.08.07"]
[Round "3.4"]
[White "Kamp, Adrian"]
[Black "Segers, Job"]
[Result "0-1"]
[WhiteElo "1850"]
[BlackElo "1565"]
[PlyCount "80"]
[EventDate "2018.??.??"]

1. e4 e5 2. d4 exd4 3. Nf3 Nc6 4. Bc4 Nf6 5. e5 d5 6. Bb5 Nd7 7. Bxc6 bxc6 8.
e6 fxe6 9. Nxd4 Nf6 10. Nxc6 Qd6 11. Nd4 Ba6 12. Nc3 Qe5+ 13. Be3 Bb4 14. a3
Bxc3+ 15. bxc3 Ne4 16. Qg4 Nxc3 17. Qxe6+ Qxe6 18. Nxe6 Rc8 19. Nxg7+ Kf7 20.
Bd4 Ne2 21. Nf5 Nxd4 22. Nxd4 Rhe8+ 23. Kd2 c5 24. Nf5 Re2+ 25. Kc3 Rb8 26.
Rab1 d4+ 27. Nxd4 cxd4+ 28. Kxd4 Rxb1 29. Rxb1 Rxf2 30. Rb8 Rxc2 31. Ra8 Rc7
32. Ke5 Bb5 33. h4 Kg7 34. g4 a6 35. Kf5 Rc5+ 36. Kf4 Rc4+ 37. Kf5 Rc7 38. Kg5
Rf7 39. a4 h6+ 40. Kh5 Bd3 0-1

[Event "ONJK 2018 B"]
[Site "Borne, Netherlands"]
[Date "2018.08.07"]
[Round "3.5"]
[White "Adema, Marrit"]
[Black "Boghossian, Wahe"]
[Result "0-1"]
[WhiteElo "1583"]
[BlackElo "1780"]
[PlyCount "32"]
[EventDate "2018.??.??"]

1. d4 Nf6 2. c4 e6 3. Nc3 c5 4. d5 d6 5. Nf3 g6 6. b3 Bg7 7. dxe6 Bxe6 8. Qc2
Bf5 9. Qd2 O-O 10. Bb2 Nc6 11. a3 Qb6 12. Nb5 Rad8 13. a4 Nb4 14. Rc1 Ne4 15.
Bxg7 Nxd2 16. Bxf8 Nxf3+ 0-1

[Event "ONJK 2018 B"]
[Site "Borne, Netherlands"]
[Date "2018.08.07"]
[Round "3.6"]
[White "Vitharana, Annelies"]
[Black "Salomons, Quinten"]
[Result "1/2-1/2"]
[WhiteElo "1769"]
[BlackElo "1710"]
[PlyCount "60"]
[EventDate "2018.??.??"]

1. e4 c5 2. Nc3 e6 3. f4 d5 4. Bb5+ Nc6 5. Bxc6+ bxc6 6. d3 d4 7. Nce2 Nf6 8.
Nf3 Be7 9. O-O O-O 10. Ng3 Ba6 11. Ne5 Qc7 12. Ng4 c4 13. Nxf6+ Bxf6 14. Nh5
cxd3 15. Qg4 Kh8 16. e5 dxc2 17. exf6 g6 18. Re1 d3 19. Qg5 Rad8 20. Bd2 Qb6+
21. Kh1 Qxb2 22. Ng3 c1=Q 23. Raxc1 Qxd2 24. Qh6 Rg8 25. Ne4 Qa5 26. Ng5 Qxg5
27. Qxg5 d2 28. Red1 dxc1=Q 29. Rxc1 Rd5 30. Qg4 Bb5 1/2-1/2

[Event "ONJK 2018 B"]
[Site "Borne, Netherlands"]
[Date "2018.08.07"]
[Round "3.7"]
[White "Molanus, Lennart"]
[Black "Schaefer, Daniel"]
[Result "1/2-1/2"]
[WhiteElo "1603"]
[BlackElo "1739"]
[PlyCount "104"]
[EventDate "2018.??.??"]

1. d4 Nf6 2. c4 e6 3. Nc3 Bb4 4. Qc2 c5 5. Nf3 b6 6. g3 Bb7 7. Bg2 cxd4 8. a3
Bxc3+ 9. bxc3 dxc3 10. Qxc3 d6 11. O-O O-O 12. Bb2 Nbd7 13. Rfd1 Nc5 14. Qc2
Be4 15. Qc3 Na4 16. Qb4 Nxb2 17. Qxb2 Qc7 18. Qd4 Rfd8 19. Ng5 Bxg2 20. Kxg2 h6
21. Nf3 Rac8 22. Rac1 Qc6 23. Qb2 Qa4 24. Qb4 Qc6 25. Kg1 e5 26. Nh4 Ne4 27. f3
Qc5+ 28. Qxc5 Nxc5 29. Nf5 Rc7 30. Rxd6 Rdc8 31. Rcd1 Nb7 32. Rd7 Kf8 33. Ne7
Nc5 34. Rxc7 Rxc7 35. Nf5 Rd7 36. Rxd7 Nxd7 37. Nd6 a6 38. g4 g6 39. Kf2 Ke7
40. Ne4 f5 41. gxf5 gxf5 42. Ng3 Ke6 43. e4 fxe4 44. Nxe4 Nc5 45. Nxc5+ bxc5
46. Ke3 Kf5 47. h3 h5 48. h4 a5 49. a4 Kf6 50. Ke4 Ke6 51. f4 exf4 52. Kxf4 Kf6
1/2-1/2

[Event "ONJK 2018 B"]
[Site "Borne, Netherlands"]
[Date "2018.08.07"]
[Round "3.8"]
[White "Mainka, Irmin"]
[Black "Schneider, Daniel"]
[Result "1-0"]
[WhiteElo "1499"]
[BlackElo "1617"]
[PlyCount "111"]
[EventDate "2018.??.??"]

1. e4 e5 2. Nf3 Nc6 3. Bb5 Nge7 4. O-O g6 5. d3 Bg7 6. Re1 O-O 7. Nbd2 d6 8.
Nf1 Bg4 9. h3 Bxf3 10. gxf3 a6 11. Ba4 f5 12. c3 Qc8 13. Bb3+ Kh8 14. Kh2 fxe4
15. dxe4 Na5 16. Bc2 Qe6 17. Ne3 Qf6 18. Kg2 Nac6 19. Rg1 Nd8 20. Ng4 Qh4 21.
Bb3 Nf7 22. Qd2 h5 23. Bxf7 hxg4 24. hxg4 Rxf7 25. Rh1 Qxh1+ 26. Kxh1 Rxf3 27.
Qe2 Raf8 28. Kg2 Rxf2+ 29. Qxf2 Rxf2+ 30. Kxf2 Nc6 31. Be3 Nd8 32. Rf1 Ne6 33.
Ke2 Kg8 34. b4 b5 35. Kd3 g5 36. Rf5 Nf4+ 37. Kd2 Bh6 38. Bxf4 gxf4 39. g5 Bf8
40. g6 Bh6 41. Rf7 c5 42. Rh7 Bg5 43. bxc5 dxc5 44. Ke2 f3+ 45. Kxf3 Bd2 46.
Rc7 c4 47. Kg4 Bxc3 48. Kf5 Ba5 49. Rc5 Bb4 50. Rxe5 Kf8 51. Rd5 c3 52. Rd8+
Kg7 53. Rd7+ Kf8 54. g7+ Ke8 55. Ke6 Bf8 56. g8=Q 1-0

[Event "ONJK 2018 B"]
[Site "Borne, Netherlands"]
[Date "2018.08.07"]
[Round "3.9"]
[White "Kracht, Raphael"]
[Black "Hungeling, David"]
[Result "1-0"]
[WhiteElo "2050"]
[BlackElo "1509"]
[PlyCount "37"]
[EventDate "2018.??.??"]

1. e4 e6 2. d4 d5 3. Nd2 c5 4. exd5 Qxd5 5. Ngf3 cxd4 6. Bc4 Qd6 7. O-O Nf6 8.
Nb3 Nc6 9. Nbxd4 Nxd4 10. Nxd4 a6 11. Re1 Qc7 12. Qe2 Bd6 13. Bg5 Qe7 14. Qf3
h6 15. Nf5 Qf8 16. Nxg7+ Qxg7 17. Bxf6 Qg8 18. Rad1 Bc7 19. Qd5 1-0

[Event "ONJK 2018 B"]
[Site "Borne, Netherlands"]
[Date "2018.08.07"]
[Round "3.10"]
[White "Kamp, Aaron"]
[Black "Neirynck, Arthur"]
[Result "1/2-1/2"]
[WhiteElo "1784"]
[BlackElo "1506"]
[PlyCount "119"]
[EventDate "2018.??.??"]

1. e4 e6 2. d4 d5 3. e5 c5 4. c3 Nc6 5. Nf3 Bd7 6. Bd3 Rc8 7. O-O cxd4 8. cxd4
Nb4 9. Nc3 Nxd3 10. Qxd3 Bb4 11. Bd2 Ne7 12. a3 Bxc3 13. Bxc3 Qb6 14. Rfc1 Nc6
15. Rc2 h6 16. Rac1 O-O 17. b4 a6 18. Bd2 Rc7 19. Rc5 Rcc8 20. Nh4 Kh8 21. f4
Qd8 22. Nf3 Na7 23. Be3 Bb5 24. Qd2 f5 25. exf6 Qxf6 26. Ne5 Qf5 27. Qc2 Qxc2
28. R1xc2 Rfe8 29. Nf7+ Kg8 30. Nd6 Rxc5 31. dxc5 Re7 32. Nxb5 Nxb5 33. a4 Na3
34. Ra2 Nc4 35. Bd4 Kf7 36. Re2 Kg6 37. g4 Kf7 38. f5 g6 39. fxe6+ Rxe6 40.
Rxe6 Kxe6 41. Kg2 Nd2 42. Kg3 Nb3 43. Bg7 h5 44. gxh5 gxh5 45. Kf4 h4 46. h3
Nc1 47. Ke3 Na2 48. b5 axb5 49. axb5 Nb4 50. Bc3 Nc2+ 51. Kd3 Na3 52. c6 bxc6
53. bxc6 Nb5 54. Be1 Kd6 55. Bxh4 Kxc6 56. Bg5 Kd6 57. h4 Ke6 58. h5 Kf7 59.
Kc2 Nd6 60. Kd3 1/2-1/2

[Event "ONJK 2018 B"]
[Site "Borne, Netherlands"]
[Date "2018.08.07"]
[Round "3.11"]
[White "Broersma, Sven"]
[Black "Tiggelman, Laura"]
[Result "1/2-1/2"]
[WhiteElo "1716"]
[BlackElo "1500"]
[PlyCount "91"]
[EventDate "2018.??.??"]

1. d4 Nf6 2. Nf3 g6 3. c4 Bg7 4. Nc3 d6 5. e4 O-O 6. Be2 Nbd7 7. O-O e5 8. d5
Nh5 9. b4 Nf4 10. Bb2 f5 11. Qc2 fxe4 12. Nxe4 Nf6 13. Ng3 Qe7 14. Bd3 Bd7 15.
Rac1 Rae8 16. Rfe1 N6h5 17. Nxh5 Nxh5 18. c5 Nf4 19. c6 Nxd3 20. Qxd3 Bf5 21.
Qc3 b6 22. Qd2 h6 23. Nd4 Qf7 24. Nxf5 Qxf5 25. Rc3 e4 26. Rce3 Bxb2 27. Qxb2
Qxd5 28. Rg3 Qf5 29. Qb3+ Kh7 30. Qc2 d5 31. Qd2 Rd8 32. f3 Rde8 33. fxe4 Rxe4
34. Rf3 Qc8 35. Rxe4 dxe4 36. Rxf8 Qxf8 37. Qd7+ Qg7 38. Kf2 Kh8 39. Qe8+ Qg8
40. Qxe4 Qxa2+ 41. Kg3 Qb3+ 42. Kh4 Qf7 43. Qd4+ Kg8 44. Qd8+ Kg7 45. Qd7 Kg8
46. Qd8+ 1/2-1/2

[Event "ONJK 2018 B"]
[Site "Borne, Netherlands"]
[Date "2018.08.07"]
[Round "3.12"]
[White "Basa, Manasvita"]
[Black "Joosse, Xander"]
[Result "0-1"]
[WhiteElo "1668"]
[BlackElo "1471"]
[PlyCount "90"]
[EventDate "2018.??.??"]

1. e4 e5 2. Nf3 Nc6 3. Bc4 Bc5 4. O-O Nf6 5. d3 d6 6. h3 O-O 7. Bg5 h6 8. Bh4
Nd4 9. c3 Nxf3+ 10. Qxf3 c6 11. Qg3 Nh5 12. Bxd8 Nxg3 13. Be7 Re8 14. d4 Nxf1
15. dxc5 Rxe7 16. Kxf1 dxc5 17. Nd2 Be6 18. Bxe6 Rxe6 19. Nb3 b6 20. Rd1 Kf8
21. Ke2 Ke7 22. a4 Rd6 23. Ra1 Rad8 24. c4 a5 25. Rb1 Rd3 26. Na1 Rd2+ 27. Ke1
R2d4 28. f3 Rxc4 29. b3 Rcd4 30. Nc2 Rd2 31. Ne3 R2d7 32. Nc4 f6 33. Nxb6 Rb7
34. Nc4 Ra7 35. Ke2 Rb8 36. Kd3 g6 37. Kc3 Ke6 38. Rc1 Rd8 39. Kb2 f5 40. Re1
f4 41. Kc2 h5 42. h4 Rg8 43. Rd1 Rd7 44. Rg1 g5 45. hxg5 Rxg5 0-1

[Event "ONJK 2018 B"]
[Site "Borne, Netherlands"]
[Date "2018.08.07"]
[Round "3.13"]
[White "Heij, Abedin"]
[Black "Waardenburg, Marlinde"]
[Result "0-1"]
[WhiteElo "1464"]
[BlackElo "1665"]
[PlyCount "44"]
[EventDate "2018.??.??"]

1. d4 Nf6 2. c4 g6 3. Nf3 Bg7 4. Bg5 d5 5. e3 O-O 6. Bxf6 exf6 7. Nc3 dxc4 8.
Bxc4 Nd7 9. O-O c6 10. Re1 Nb6 11. Bb3 f5 12. Rc1 Qf6 13. Re2 Be6 14. Rd2 Rad8
15. Ne5 Qe7 16. Nd3 Bxb3 17. Qxb3 Bh6 18. g3 Rxd4 19. exd4 Bxd2 20. Rc2 Bh6 21.
Qb4 Qxb4 22. Nxb4 Rd8 0-1

[Event "ONJK 2018 B"]
[Site "Borne, Netherlands"]
[Date "2018.08.07"]
[Round "3.14"]
[White "De Man, Luuk"]
[Black "Tiemens, Tygo"]
[Result "1-0"]
[WhiteElo "1653"]
[BlackElo "1415"]
[PlyCount "77"]
[EventDate "2018.??.??"]

1. e4 e5 2. Nf3 Nc6 3. Bc4 Bc5 4. d3 Nf6 5. Nc3 d6 6. h3 Be6 7. Bg5 Bb4 8. Bb3
Nd4 9. O-O Qd7 10. Nxd4 exd4 11. Nd5 Bxd5 12. Bxd5 O-O-O 13. a3 Bc5 14. b4 Bb6
15. a4 c6 16. Bc4 Rde8 17. b5 c5 18. Bf4 d5 19. exd5 Nxd5 20. Bxd5 Qxd5 21. a5
Bc7 22. Bxc7 Kxc7 23. Qg4 g6 24. b6+ axb6 25. Qf4+ Re5 26. Qf6 Rhe8 27. Qxb6+
Kc8 28. a6 Rg5 29. axb7+ Kd7 30. g3 Qd6 31. Qxd6+ Kxd6 32. Ra8 Rxa8 33. bxa8=Q
Ke6 34. Re1+ Kf6 35. Qd8+ Kf5 36. g4+ Kf4 37. Re4+ Kf3 38. Qxg5 h5 39. Qf4# 1-0

[Event "ONJK 2018 B"]
[Site "Borne, Netherlands"]
[Date "2018.08.07"]
[Round "3.15"]
[White "Nopper, Louis"]
[Black "Huang, Wendy"]
[Result "1/2-1/2"]
[WhiteElo "1386"]
[BlackElo "1648"]
[PlyCount "58"]
[EventDate "2018.??.??"]

1. c4 e5 2. g3 Nf6 3. Bg2 c6 4. Nf3 d6 5. Nc3 Be7 6. d3 O-O 7. O-O Be6 8. Qc2
Nbd7 9. Rb1 d5 10. Nd2 Nb6 11. Rd1 Qc7 12. b3 Rac8 13. Bb2 Rfd8 14. a3 Qd7 15.
Na2 Qc7 16. Nc3 Ne8 17. a4 a5 18. Na2 d4 19. Qc1 Nd7 20. Ba3 Bxa3 21. Qxa3 Qd6
22. Qb2 Nc5 23. Nc1 Nc7 24. Ne4 Nxe4 25. Bxe4 f5 26. Bg2 b5 27. Qc2 Rb8 28.
axb5 cxb5 29. Ra1 bxc4 1/2-1/2

[Event "ONJK 2018 B"]
[Site "Borne, Netherlands"]
[Date "2018.08.07"]
[Round "3.16"]
[White "Heskes, Johan"]
[Black "Kroon, Lindert"]
[Result "1-0"]
[WhiteElo "1625"]
[BlackElo "800"]
[PlyCount "75"]
[EventDate "2018.??.??"]

1. d4 d5 2. c4 dxc4 3. Nc3 Nf6 4. e4 e6 5. Bxc4 Bb4 6. f3 O-O 7. Nge2 b6 8. O-O
c5 9. d5 Bxc3 10. Nxc3 Bb7 11. dxe6 fxe6 12. Bxe6+ Kh8 13. Bg5 Qe8 14. Bd5 Nxd5
15. Nxd5 Qe5 16. Bf4 Rxf4 17. Nxf4 Nc6 18. Nd3 Qd4+ 19. Nf2 Qxb2 20. Qd7 Rb8
21. f4 Qc2 22. e5 Qg6 23. Qg4 Qf7 24. e6 Qf6 25. Rae1 Re8 26. Ne4 Qd4+ 27. Kh1
Ba6 28. Rf2 Qb4 29. Nd2 c4 30. f5 Rg8 31. Qe4 b5 32. Qxc6 c3 33. Nb3 Qh4 34. g3
Qa4 35. e7 h6 36. e8=Q Rxe8 37. Rxe8+ Kh7 38. Qg6# 1-0

[Event "ONJK 2018 B"]
[Site "Borne, Netherlands"]
[Date "2018.08.08"]
[Round "4.1"]
[White "Albertus, Bram"]
[Black "Wensing, Maximilian"]
[Result "0-1"]
[WhiteElo "1868"]
[BlackElo "1945"]
[PlyCount "72"]
[EventDate "2018.??.??"]

1. c4 Nf6 2. Nc3 c6 3. d4 d6 4. e4 e5 5. d5 Be7 6. f3 O-O 7. Be3 cxd5 8. exd5
Nh5 9. Bd3 Bg5 10. Bf2 f5 11. Nge2 a6 12. Qc2 Nf4 13. Nxf4 Bxf4 14. g3 Bh6 15.
b4 a5 16. Rb1 axb4 17. Rxb4 Na6 18. Rb5 Qc7 19. Bb6 Qe7 20. O-O g6 21. Rfb1 Bd7
22. R5b2 Rae8 23. Bf2 Bc8 24. Rb6 Bg7 25. c5 Nxc5 26. Bxc5 dxc5 27. d6 Qg5 28.
Nd5 e4 29. fxe4 fxe4 30. Ne7+ Kh8 31. Bxe4 Bd4+ 32. Kh1 Rf2 33. Qc4 Rxh2+ 34.
Kxh2 Qh5+ 35. Kg2 Bh3+ 36. Kh2 Bf1# 0-1

[Event "ONJK 2018 B"]
[Site "Borne, Netherlands"]
[Date "2018.08.08"]
[Round "4.2"]
[White "Segers, Job"]
[Black "Vleming, Stefan"]
[Result "1/2-1/2"]
[WhiteElo "1565"]
[BlackElo "1685"]
[PlyCount "57"]
[EventDate "2018.??.??"]

1. e4 e5 2. Nf3 Nc6 3. Nc3 Nf6 4. d4 exd4 5. Nxd4 Bc5 6. Be3 Bxd4 7. Bxd4 O-O
8. Bc4 Re8 9. f3 d6 10. O-O Be6 11. Bb3 Nxd4 12. Qxd4 c5 13. Qd2 Qb6 14. Nd5
Bxd5 15. Bxd5 Nxd5 16. Qxd5 Re5 17. Qc4 Qc6 18. Rad1 Rd8 19. Qc3 f6 20. Qc4+ d5
21. exd5 Rexd5 22. Rfe1 Kf8 23. Rxd5 Qxd5 24. Qe2 Qd7 25. c3 Re8 26. Qf2 Rxe1+
27. Qxe1 Qd5 28. Qe3 b6 29. Qf4 1/2-1/2

[Event "ONJK 2018 B"]
[Site "Borne, Netherlands"]
[Date "2018.08.08"]
[Round "4.3"]
[White "Grutter, Tim"]
[Black "Mainka, Irmin"]
[Result "1-0"]
[WhiteElo "1971"]
[BlackElo "1499"]
[PlyCount "89"]
[EventDate "2018.??.??"]

1. e4 e5 2. Nf3 Nc6 3. Bc4 Bc5 4. c3 Nf6 5. d3 d6 6. Nbd2 Bg4 7. b4 Bb6 8. h3
Bh5 9. O-O O-O 10. Re1 Qd7 11. Nf1 a6 12. Ng3 Bg6 13. Bg5 Nh5 14. Nxh5 Bxh5 15.
Nxe5 Nxe5 16. Qxh5 Nxc4 17. dxc4 Qe6 18. Qe2 Qe5 19. Qd2 Rae8 20. Be3 Bxe3 21.
Rxe3 c6 22. Rd1 Re6 23. Qd4 Qf4 24. Rde1 Rg6 25. e5 dxe5 26. Rxe5 Qf3 27. g3
Rh6 28. R1e3 Qf6 29. Re8 Qxd4 30. cxd4 Rd6 31. Rxf8+ Kxf8 32. Rd3 Ke7 33. Kg2
Kf6 34. f4 Kf5 35. Kf3 g6 36. g4+ Kf6 37. a4 b5 38. axb5 axb5 39. cxb5 cxb5 40.
d5 Ke7 41. Ke4 f6 42. Kd4 Rd8 43. Kc5 Rb8 44. Kc6 Kd8 45. d6 1-0

[Event "ONJK 2018 B"]
[Site "Borne, Netherlands"]
[Date "2018.08.08"]
[Round "4.4"]
[White "Boghossian, Wahe"]
[Black "Kamp, Adrian"]
[Result "0-1"]
[WhiteElo "1780"]
[BlackElo "1850"]
[PlyCount "94"]
[EventDate "2018.??.??"]

1. e4 c5 2. Nf3 d6 3. d4 cxd4 4. Nxd4 Nf6 5. Nc3 g6 6. Be2 Bg7 7. Be3 O-O 8.
O-O Nc6 9. Nb3 Be6 10. f4 Rc8 11. Bf3 b6 12. Rf2 Qc7 13. Rd2 Rfd8 14. Nb5 Qb8
15. c3 Nd7 16. Qc2 Nc5 17. Rad1 Bxb3 18. axb3 Na5 19. Bg4 Ncxb3 20. Rd5 Rc6 21.
e5 Nc4 22. Bf2 e6 23. Rxd6 Nxd6 24. Nxd6 Nc5 25. Bh4 Rdxd6 26. exd6 Rxd6 27.
Be7 Rxd1+ 28. Qxd1 Qc7 29. Qd6 Qxd6 30. Bxd6 Nd3 31. Bb8 a5 32. Bc7 Nxb2 33.
Bxb6 Nc4 34. Bd4 Bxd4+ 35. cxd4 Nb2 36. Bf3 a4 37. Be4 a3 38. Bb1 Na4 39. Ba2
Nc3 40. Bc4 a2 41. Bxa2 Nxa2 42. Kf2 Kg7 43. Ke3 Nb4 44. g4 Kf6 45. Ke4 Ke7 46.
h4 f5+ 47. gxf5 gxf5+ 0-1

[Event "ONJK 2018 B"]
[Site "Borne, Netherlands"]
[Date "2018.08.08"]
[Round "4.5"]
[White "Nies, Levi"]
[Black "Kracht, Raphael"]
[Result "0-1"]
[WhiteElo "1576"]
[BlackElo "2050"]
[PlyCount "64"]
[EventDate "2018.??.??"]

1. e4 e5 2. Nf3 Nc6 3. Bc4 Bc5 4. c3 Nf6 5. d4 exd4 6. cxd4 Bb4+ 7. Nc3 Nxe4 8.
O-O Bxc3 9. d5 Bf6 10. Re1 Ne7 11. Rxe4 d6 12. Bg5 Bxg5 13. Nxg5 h6 14. Qe2
hxg5 15. Re1 Be6 16. dxe6 f6 17. Re3 Kf8 18. Rh3 Rxh3 19. gxh3 g6 20. f4 gxf4
21. Rf1 Kg7 22. Rxf4 d5 23. Bd3 Qd6 24. Qg4 Rh8 25. h4 Qe5 26. Rf3 Qe1+ 27. Kg2
Rxh4 28. Qg3 Qxg3+ 29. Rxg3 Rb4 30. b3 f5 31. Re3 Kf6 32. Kf3 Rb6 0-1

[Event "ONJK 2018 B"]
[Site "Borne, Netherlands"]
[Date "2018.08.08"]
[Round "4.6"]
[White "Joosse, Xander"]
[Black "Vitharana, Annelies"]
[Result "0-1"]
[WhiteElo "1471"]
[BlackElo "1769"]
[PlyCount "86"]
[EventDate "2018.??.??"]

1. d4 Nf6 2. c4 e6 3. Nf3 b6 4. g3 Ba6 5. b3 Bb4+ 6. Bd2 Be7 7. Bg2 Bb7 8. e3
Ne4 9. O-O Nxd2 10. Nbxd2 O-O 11. Qc2 d5 12. Rac1 c5 13. Rfd1 Nd7 14. h4 Rc8
15. Qb2 Nf6 16. Ne5 Qd6 17. dxc5 bxc5 18. Ndf3 Rfd8 19. Ng5 Rf8 20. Ngf3 h6 21.
Nh2 Rfd8 22. Rd2 Nd7 23. Nxd7 Rxd7 24. Rcd1 Bf6 25. Qc2 d4 26. Bxb7 Rxb7 27.
Ng4 e5 28. Qf5 Re8 29. Nxf6+ Qxf6 30. Qe4 Rbe7 31. Re1 Qb6 32. exd4 exd4 33.
Qxe7 Rxe7 34. Rxe7 Qa5 35. Ree2 Qc3 36. Rb2 a5 37. Kg2 d3 38. Red2 a4 39. Kh2
a3 40. Re2 axb2 41. Re8+ Kh7 42. g4 b1=Q 43. g5 Qce1 0-1

[Event "ONJK 2018 B"]
[Site "Borne, Netherlands"]
[Date "2018.08.08"]
[Round "4.7"]
[White "Schaefer, Daniel"]
[Black "De Man, Luuk"]
[Result "0-1"]
[WhiteElo "1739"]
[BlackElo "1653"]
[PlyCount "74"]
[EventDate "2018.??.??"]

1. d4 Nf6 2. c4 g6 3. Nc3 Bg7 4. e4 d6 5. Nf3 Bg4 6. Be2 O-O 7. O-O Nbd7 8. Ne1
Bxe2 9. Qxe2 e5 10. d5 Re8 11. Nd3 c6 12. Be3 Qc7 13. Rfc1 c5 14. f3 a6 15. b4
b6 16. a4 Nh5 17. g3 f5 18. Bf2 f4 19. g4 Nhf6 20. a5 bxa5 21. bxc5 Nxc5 22.
Bxc5 dxc5 23. Qa2 Qc8 24. Qxa5 Nxg4 25. Qxc5 Qxc5+ 26. Nxc5 Ne3 27. Nxa6 Bf8
28. Nb5 Rec8 29. c5 Bxc5 30. Nbc7 Rxc7 31. Kh1 Rca7 32. Rxc5 Rxa6 33. Rac1 Ra1
34. d6 Rxc1+ 35. Rxc1 Kf7 36. d7 Ke7 37. Rc8 Ra1+ 0-1